| 000 | 00543nam a22001937a 4500 | ||
|---|---|---|---|
| 003 | MPLRDC | ||
| 005 | 20220104124530.0 | ||
| 008 | 210129b ||||| |||| 00| 0 eng d | ||
| 020 | _a957-32-4644-9 | ||
| 082 | _a857.62 CHR-9 v.12 | ||
| 100 | _aAGATHA CHRISTIE | ||
| 245 |
_a谋杀在云端 _c高峰 译 |
||
| 250 | _a初版三刷 | ||
| 260 |
_a台湾 _b远流出版事业股份有限公司 _c2004 |
||
| 300 | _b277 | ||
| 490 | _a克莉丝蒂推理全集. 12 白罗神探系列 | ||
| 650 | _a推理小说 | ||
| 942 |
_cBK _o857.62 CHR-9 v.12 |
||
| 999 |
_c20080 _d20070 |
||